Welcome to the Holygrace Academy Library

Please use search bar below to get started

MALALA (Record no. 4425)

MARC details
000 -LEADER
fixed length control field 00225nam a22001217a 4500
082 ## - DEWEY DECIMAL CLASSIFICATION NUMBER
Classification number 494
Item number VAJ/M
100 ## - MAIN ENTRY--AUTHOR NAME
Personal name VAJPAYEE,SUMAN
245 ## - TITLE STATEMENT
Title MALALA
260 ## - PUBLICATION, DISTRIBUTION, ETC. (IMPRINT)
Place of publication DELHI
Name of publisher RAJPAL
300 ## - PHYSICAL DESCRIPTION
Number of Pages 102
650 ## - SUBJECT ADDED ENTRY--TOPICAL TERM
Geographic subdivision DELHI
942 ## - ADDED ENTRY ELEMENTS (KOHA)
Koha item type Books
Holdings
Withdrawn status Lost status Collection code Home library Current library Shelving location Date acquired Source of acquisition Full call number Accession Number Koha item type
    Non-fiction Main Library Main Library   10/10/2022 PURCHASE 494 VAJ/M 12710 Books